Pensar y repensar la educación, 1984-1990 /
Guardado en:
| Formato: | Libro |
|---|---|
| Publicado: |
Buenos Aires :
Academia Naciónal de Educaci¢n,
1991
|
| Materias: | |
| Etiquetas: |
Agregar Etiqueta
Sin Etiquetas, Sea el primero en etiquetar este registro!
|
| LEADER | 02374nam a22001935a 4500 | ||
|---|---|---|---|
| 001 | CEM.cems007096 | ||
| 005 | 20060214000000.0 | ||
| 008 | 130507s1991##################000#0#####d | ||
| 003 | CEMS | ||
| 082 | 0 | 4 | |a 370.982 |
| 245 | 0 | 0 | |a Pensar y repensar la educación, 1984-1990 / |
| 260 | |a Buenos Aires : |b Academia Naciónal de Educaci¢n, |c 1991 | ||
| 300 | |a 632 p. | ||
| 505 | 0 | |a Repensar la educaci¢n para que las cosas sean de otro modo, por Gilda Lamarque de Romero, Brest.- Los recursos espec¡ficos en el financiamiento, por H'ctor F'lix Bravo.- Bases para una nueva ley universitaria, por Juan Carlos Agulla.- Los niveles de intersecci¢n de la conducta humana, por Oscar O¤ativia.- De la Universidad a cien a¤os de la ley Avellaneda, por Fernando Storni.- Reforma Educativa: Naci¢n e ideal pedag¢gico, por Adelmo R. Montenegro.- Concepci¢n cat¢lica de la escuela en los documentos pontificios, por Guillermo Blanco.-La calidad de la educaci¢n, por Mar¡a Celia Agudo de C¢rsico.- Posibilidades y alcances de la pol¡tica educaciónal como una disciplina aut¢noma, por Luis J. Zanotti.- El problema de la libertad de ense¤anza en el sistema educativo arg., por Alfredo M. van Gelderen.- La profesi¢n docente, por Elida Leibovich de Gueventter.- El derecho a la educaci¢n, por Luis R. Silva.- La educaci¢n argentina en el mundo, por Ana Mar¡a Eichelbaum de Babini.- La universidad argentina: nuestro testimonio, por Alberto C. Taquini(h).- Condiciónes y dimensiones del cambio educativo, por Antonio F. Salonia.- Educaci¢n y poder, por Fernando Mart¡nez Paz.- Mitre, y la educaci¢n, por Mario J. L¢pez.- Juan M. Guti'rrez y la universidad de Buenos Aires, por Gregorio Weinberg.- Misi¢n contempor nea de la universidad, el caso argentino, por Avelino J. Porto.- Bernardino Rivadavia, su contribuci¢n a la cultura y a la educaci¢n, por Alberto J. Costantini.- Investigaci¢n de la cultura de la escuela, por Regina E. Gibaja.- La matem tica en la escuela media, por Luis A. Santal¢.- El rol de la escuela y la renovaci¢n de la educaci¢n, por Jorge C. Hansen.- Campos y fronteras entre la psicolog¡a y la ciencia de la educaci¢n, por Pl cido A. Horas.- | |
| 653 | |a Educacion | ||
| 653 | |a Educacion argentina | ||
| 653 | |a Educacion y poder | ||
| 653 | |a Reforma educativa argentina | ||
| 859 | |a CEMS |b BIB. CEMS - 11 de abril |h 370.982 |i Ar37-3 |p 16855.93 |t Ej.1 | ||
